000 00377 a2200157 4500
001 164594
020 _a
040 _cMagnum
100 _aBloch, Arthur
240 1 0 _aA lei de murphy: mais errado porque tudo da motivos !
_lpor
245 1 0 _aA lei de murphy: mais errado porque tudo da motivos !
362 0 _a1899
440 1 _aRecord
697 _aGERAL
942 _cBK
999 _c164594
_d164594